000 00616nam a2200181Ia 4500
008 100920s9999 xx 000 0 und d
082 _b29551
_a61 थ 50
100 _aआपटे नारायण हरि.
245 _aमी वाट पाहीन !.
260 _bआपटे आणि मंडळी, पुणें.
_c1950
300 _a112
_bसाधी
365 _b1.5
520 _aस्थानिक वाचन.
630 _aमी वाट पाहीन !.
650 _aस्थानिक वाचन.
730 _aमी वाट पाहीन !.
942 _cBOOK
999 _c685253
_d685250